Normal view
MARC view
- Rogers, Peter P.,
Entry Personal Name
001 - CONTROL NUMBER
- control field: 41235
003 - CONTROL NUMBER IDENTIFIER
- control field: OSt
005 - DATE AND TIME OF LATEST TRANSACTION
- control field: 20160926122422.0
008 - FIXED-LENGTH DATA ELEMENTS
- fixed length control field: 160926|| aca||aabn | a|a d
040 ## - CATALOGING SOURCE
- Original cataloging agency: OSt
100 1# - HEADING--PERSONAL NAME
- Personal name: Rogers, Peter P.,
- Dates associated with a name: 1937-
400 1# - SEE FROM TRACING--PERSONAL NAME
- Personal name: Rogers, Peter,
- Dates associated with a name: 1937-